[Event "EU-chT (Men)"]
[Site "Batumi"]
[Date "1999.12.02"]
[Round "4.4"]
[White "Chernin, Alexander"]
[Black "Aronian, Levon"]
[Result "0-1"]
[WhiteElo "2619"]
[BlackElo "2518"]
[PlyCount "80"]
[EventDate "1999.11.06"]
[Source "ChessBase"]
[SourceDate "2000.02.01"]

1. d4 Nf6 2. c4 e6 3. g3 Bb4+ 4. Bd2 Qe7 5. Bg2 Nc6 6. e3 Bxd2+ 7. Qxd2 e5 8. d5 Nb8 9. Nc3 d6 10. Nge2 a5 11. h3 h5 12. O-O-O Na6 13. g4 Nd7 14. Ne4 Nac5 15. N2c3 b6 16. f4 Ba6 17. b3 Rb8 18. g5 b5 19. cxb5 Bxb5 20. Qc2 Ba6 21. f5 a4 22. bxa4 Rb4 23. Bf1 Bxf1 24. Rhxf1 Qd8 25. Kd2 Nb6 26. Nxc5 Rb2 27. Qxb2 Nc4+ 28. Kc1 Nxb2 29. Kxb2 dxc5 30. h4 Qa8 31. Kc2 Qa6 32. Rb1 Qc4 33. e4 Kd7 34. Rfd1 Ra8 35. Rb3 Rxa4 36. a3 Qa6 37. d6 Rd4 38. dxc7 Rxd1 39. Nxd1 Qe2+ 40. Kc1 c4 0-1

[Event "Philadelphia"]
[Site "?"]
[Date "1992.??.??"]
[Round "?"]
[White "Kaidanov, G."]
[Black "Rohde, M."]
[Result "1-0"]
[WhiteElo "2550"]
[BlackElo "2585"]
[PlyCount "91"]
[EventDate "1992.??.??"]
[Source "ChessBase"]
[SourceDate "1992.06.01"]

1. d4 Nf6 2. c4 e6 3. g3 Bb4+ 4. Nd2 c5 5. a3 Bxd2+ 6. Qxd2 Nc6 7. dxc5 Ne4 8. Qe3 Qa5+ 9. Bd2 Nxd2 10. Qxd2 Qxc5 11. Rc1 a5 12. Nf3 b5 13. cxb5 Qxb5 14. Bg2 O-O 15. O-O d5 16. Rc2 Bb7 17. Rfc1 Qb6 18. Qe3 Qxe3 19. fxe3 Rfc8 20. Nd4 Ne5 21. Rxc8+ Rxc8 22. Rxc8+ Bxc8 23. e4 Bb7 24. exd5 exd5 25. b3 g6 26. Kf1 Kf8 27. Ke1 Ke7 28. Kd2 Kd6 29. Kc3 h5 30. b4 axb4+ 31. Kxb4 Ng4 32. Kb5 Ne3 33. Bf3 Bc8 34. a4 Bd7+ 35. Kb4 f5 36. a5 Bc8 37. Nb5+ Ke5 38. Na7 Bb7 39. Kb5 Nc4 40. a6 Nd6+ 41. Kb6 Ba8 42. Kc7 Nc4 43. Kb8 Nb6 44. Nc8 Nxc8 45. Kxa8 Kd6 46. Kb7 1-0

[Event "CCA-ICC Open"]
[Site "?"]
[Date "2005.05.13"]
[Round "5"]
[White "Mikhalevski Victor"]
[Black "Atalik Suat"]
[Result "1/2-1/2"]
[WhiteElo "2572"]
[BlackElo "2561"]
[PlyCount "92"]
[EventDate "2005.??.??"]
[Source "www.chesslib.no"]
[SourceDate "2004.05.04"]

1. d4 Nf6 2. c4 e6 3. g3 Bb4+ 4. Bd2 a5 5. Bg2 O-O 6. Nf3 b6 7. Ne5 Ra7 8. O-O Ba6 9. Bf4 Be7 10. Qc2 d6 11. Nf3 c5 12. dxc5 bxc5 13. Rd1 Qb6 14. b3 h6 15. Nc3 Rd8 16. Na4 Qc7 17. Rac1 e5 18. Bd2 Nc6 19. e3 Rb7 20. Ne1 Rbb8 21. Qb1 Bb7 22. Nc3 Na7 23. Bxb7 Qxb7 24. Qf5 Nc6 25. Qf3 Rd7 26. Nd3 Re8 27. Qg2 Bd8 28. f3 Nb4 29. Be1 e4 30. Nxe4 Nxe4 31. fxe4 Bg5 32. Nf4 Qxe4 33. Qxe4 Rxe4 34. Bxb4 axb4 35. Kf2 Rde7 36. Rd3 Bxf4 37. gxf4 f5 38. h4 Ra7 39. Rc2 Re6 40. Rcd2 h5 41. Rxd6 Rxd6 42. Rxd6 Rxa2+ 43. Kf3 Rb2 44. Rc6 Rxb3 45. Rxc5 g6 46. Ke2 Rc3 1/2-1/2

[Event "7. Neckar Open"]
[Site "?"]
[Date "2003.04.21"]
[Round "8"]
[White "Buhmann Rainer"]
[Black "Nisipeanu Liviu-Dieter"]
[Result "1/2-1/2"]
[WhiteElo "2526"]
[BlackElo "2606"]
[PlyCount "21"]
[EventDate "2003.??.??"]
[Source "www.chesslib.no"]
[SourceDate "2004.05.04"]

1. d4 Nf6 2. c4 e6 3. g3 Bb4+ 4. Nd2 c5 5. Ngf3 cxd4 6. Nxd4 Nc6 7. Nc2 Be7 8. Bg2 O-O 9. O-O d5 10. cxd5 exd5 11. Nb3 1/2-1/2

[Event "Reggio Emilia 8586"]
[Site "Reggio Emilia"]
[Date "1985.??.??"]
[Round "2"]
[White "Sosonko, Gennadi"]
[Black "Ljubojevic, Ljubomir"]
[Result "1-0"]
[WhiteElo "2535"]
[BlackElo "2595"]
[PlyCount "105"]
[EventDate "1985.12.??"]
[Source "ChessBase"]

1. d4 Nf6 2. c4 e6 3. g3 c5 4. d5 exd5 5. cxd5 g6 6. Nc3 Bg7 7. Bg2 O-O 8. Nf3 b6 9. O-O Re8 10. Re1 d6 11. h3 a6 12. e4 Ra7 13. e5 dxe5 14. Rxe5 Rae7 15. Bf4 Nbd7 16. Rxe7 Rxe7 17. Bc7 Qxc7 18. d6 Qd8 19. dxe7 Qxe7 20. Qd3 Nf8 21. Rd1 Ne6 22. Qd6 Qa7 23. Ne5 Bf8 24. Nc6 Qc7 25. Qxc7 Nxc7 26. Na4 Be6 27. Nxb6 Bxa2 28. Nd7 Nxd7 29. Rxd7 Nb5 30. Bd5 Bxd5 31. Rxd5 Kg7 32. Ne5 Kf6 33. Nc4 Ke6 34. Rd8 Bg7 35. Kf1 h5 36. Ke2 Bd4 37. f3 Bg7 38. Kd3 Nd4 39. f4 Ke7 40. Ra8 Nc6 41. Ke4 Nb4 42. f5 Kf6 43. fxg6 Kxg6 44. Rb8 Kg5 45. Rc8 f5+ 46. Kf3 Bd4 47. Rf8 Nd3 48. h4+ Kg6 49. Rb8 Nb4 50. Rb6+ Kg7 51. b3 Bg1 52. Rd6 Kh7 53. Ne3 1-0

[Event "Koop Tjuchem Open"]
[Site "?"]
[Date "1996.12.28"]
[Round "6"]
[White "Gurevich Dmitry B"]
[Black "Schlosser Philipp"]
[Result "1/2-1/2"]
[WhiteElo "2570"]
[BlackElo "2560"]
[PlyCount "101"]
[EventDate "1996.??.??"]
[Source "www.chesslib.no"]
[SourceDate "2004.05.04"]

1. d4 Nf6 2. c4 e6 3. g3 Bb4+ 4. Bd2 a5 5. Bg2 O-O 6. Nf3 b6 7. O-O Ba6 8. Ne5 Ra7 9. Qa4 Bxd2 10. Nxd2 c5 11. dxc5 bxc5 12. Nb3 Qc7 13. Nd3 d5 14. Nbxc5 Bxc4 15. Rac1 Qb6 16. Rc3 Nc6 17. Rfc1 Nb4 18. Ra3 Rfa8 19. Bf1 e5 20. e3 Nxd3 21. Nxd3 e4 22. Nf4 Qxb2 23. Rac3 g5 24. Nh3 Bxf1 25. Qd4 Kg7 26. Kxf1 h6 27. Kg2 Qb4 28. Qe5 Qe7 29. Qd4 Rb7 30. a3 Qe6 31. Ng1 Qf5 32. Rc6 Re8 33. R1c5 Re6 34. Rxe6 fxe6 35. Rxa5 e5 36. Qd2 Rf7 37. h3 h5 38. Rb5 Kh6 39. a4 h4 40. g4 Nxg4 41. hxg4 Qxg4+ 42. Kh2 Qf5 43. Rxd5 Qxf2+ 44. Qxf2 Rxf2+ 45. Kh3 Rf1 46. Kg2 Ra1 47. Rxe5 Rxa4 48. Nh3 g4 49. Nf2 Ra2 50. Rxe4 Kh5 51. Rxg4 1/2-1/2

[Event "Camp. open cittadino"]
[Site "Parigi FRA"]
[Date "2008.07.05"]
[Round "8"]
[White "David, Alb"]
[Black "Quezada Perez, Y."]
[Result "1/2-1/2"]
[WhiteElo "2562"]
[BlackElo "2567"]
[PlyCount "35"]
[EventDate "2008.06.28"]
[Source "www.chesslib.no"]
[SourceDate "2004.05.04"]

1. d4 Nf6 2. c4 e6 3. g3 Bb4+ 4. Bd2 c5 5. Bxb4 cxb4 6. Bg2 O-O 7. e4 d6 8. Ne2 e5 9. O-O Re8 10. Qc2 a5 11. Nd2 Qc7 12. Rfd1 Na6 13. Rac1 Bg4 14. f3 Be6 15. Nf1 Rac8 16. Ne3 Qb8 17. Qd3 Bd7 18. Qd2 1/2-1/2

[Event "XXIV ECC"]
[Site "Kallithea GRE"]
[Date "2008.10.20"]
[Round "4"]
[White "Haba, P."]
[Black "Palac, M."]
[Result "1/2-1/2"]
[WhiteElo "2546"]
[BlackElo "2583"]
[PlyCount "71"]
[EventDate "2008.10.17"]
[Source "www.chesslib.no"]
[SourceDate "2004.05.04"]

1. d4 Nf6 2. c4 e6 3. g3 Bb4+ 4. Nd2 c5 5. a3 Bxd2+ 6. Qxd2 cxd4 7. Nf3 b6 8. Bg2 Bb7 9. O-O Bxf3 10. exf3 Nc6 11. f4 Qc8 12. b4 Ne7 13. Qxd4 Qc7 14. c5 bxc5 15. Qxc5 Qxc5 16. bxc5 Nfd5 17. Rb1 Kd8 18. Bd2 Kc7 19. Rb5 Rab8 20. a4 a6 21. Ba5+ Kc6 22. Rb6+ Rxb6 23. Bxb6 d6 24. Rc1 Rb8 25. Ba7 Rb7 26. cxd6+ Kxd6 27. Bc5+ Kd7 28. Bf1 Nc7 29. Bc4 Ned5 30. h4 h5 31. Kg2 g6 32. Kf3 Rb2 33. Ba3 Rd2 34. Bc5 Rb2 35. Ba3 Rd2 36. Bc5 1/2-1/2

[Event "6th Gibtelecom Masters"]
[Site "Gibraltar ENG"]
[Date "2008.01.22"]
[Round "1"]
[White "Wang Yue"]
[Black "Dzagnidze, N."]
[Result "1/2-1/2"]
[WhiteElo "2698"]
[BlackElo "2429"]
[PlyCount "85"]
[EventDate "2008.01.22"]
[Source "www.chesslib.no"]
[SourceDate "2004.05.04"]

1. d4 Nf6 2. c4 e6 3. g3 Bb4+ 4. Bd2 a5 5. Bg2 O-O 6. Nf3 Nc6 7. O-O Bxd2 8. Nbxd2 d6 9. e4 e5 10. d5 Nb4 11. Ne1 c6 12. a3 Na6 13. Nd3 cxd5 14. cxd5 Bd7 15. Nc4 Bb5 16. Qb3 Bxc4 17. Qxc4 Nd7 18. b4 Qb6 19. Rfc1 g6 20. Bh3 Rfd8 21. Ra2 Kg7 22. Rac2 axb4 23. axb4 Rdc8 24. Qxc8 Rxc8 25. Rxc8 Qd4 26. Bxd7 Qxd3 27. R8c4 Qd2 28. Rb1 Qd3 29. Rbc1 Qd2 30. Be8 Kf8 31. Rc8 Qxb4 32. Bb5+ Kg7 33. Bxa6 bxa6 34. R8c4 Qa3 35. R1c3 Qa2 36. Kg2 a5 37. h4 a4 38. Rc7 Qb1 39. Rf3 Qxe4 40. Rcxf7+ Kg8 41. Ra7 h6 42. Ra8+ Kg7 43. Ra7+ 1/2-1/2

[Event "III President's Cup"]
[Site "Baku AZE"]
[Date "2008.05.18"]
[Round "7"]
[White "Fridman, D2."]
[Black "Guliev, Sarh"]
[Result "0-1"]
[WhiteElo "2640"]
[BlackElo "2487"]
[PlyCount "94"]
[EventDate "2008.05.12"]
[Source "www.chesslib.no"]
[SourceDate "2004.05.04"]

1. d4 Nf6 2. c4 e6 3. g3 Bb4+ 4. Bd2 c5 5. Bg2 O-O 6. d5 Bxd2+ 7. Qxd2 exd5 8. cxd5 Re8 9. Nc3 d6 10. Nh3 a6 11. Ng5 Nbd7 12. a4 Rb8 13. O-O h6 14. Nge4 Nxe4 15. Nxe4 Nf6 16. Nc3 Bd7 17. Qf4 Re5 18. Rab1 a5 19. Qc4 Qe8 20. Qa2 Rxe2 21. Nxe2 Qxe2 22. Qb3 b6 23. Rfe1 Qg4 24. Ra1 Kf8 25. Qd3 Bxa4 26. Qa6 Qd7 27. Qd3 Bb5 28. Qc2 Qg4 29. h3 Qc4 30. Qd2 Qb4 31. Qxb4 cxb4 32. Rec1 Nd7 33. Rc7 Nc5 34. f4 a4 35. f5 Bd7 36. f6 Ra8 37. fxg7+ Kxg7 38. Bf3 a3 39. bxa3 bxa3 40. Rc6 Nb3 41. Ra2 Nd4 42. Rxd6 Nxf3+ 43. Kg2 Ne5 44. Rxb6 Bf5 45. Rb4 Bd3 46. Kf2 Bc4 47. Ra1 Nd3+ 0-1

[Event "European Club Cup 2002"]
[Site "?"]
[Date "2002.09.25"]
[Round "4"]
[White "Stohl Igor"]
[Black "Parker Jonathan"]
[Result "1/2-1/2"]
[WhiteElo "2556"]
[BlackElo "2570"]
[PlyCount "31"]
[EventDate "2002.??.??"]
[Source "www.chesslib.no"]
[SourceDate "2004.05.04"]

1. d4 Nf6 2. c4 e6 3. g3 Bb4+ 4. Bd2 Bxd2+ 5. Qxd2 d5 6. Bg2 O-O 7. Nf3 Nbd7 8. O-O b6 9. cxd5 exd5 10. Nc3 Bb7 11. b4 c6 12. a4 a5 13. b5 c5 14. Rfc1 Re8 15. dxc5 bxc5 16. e3 1/2-1/2